| 000 | 00599nam a2200205 u 4500 | ||
|---|---|---|---|
| 005 | 20210223131648.0 | ||
| 008 | 120125s1995 mx r 000 0 spa d | ||
| 020 | _a9683640729 | ||
| 035 | _aUPN01000183144 | ||
| 049 | _aCG | ||
| 050 | 4 |
_aB1875 _bC6.3 |
|
| 100 | 1 |
_aCottingham, John, _d1943- _931992 |
|
| 245 | 1 | 0 |
_aDescartes / _cJohn Cottingham ; tr. Laura Benítez Grobet. |
| 260 |
_aMéxico : _bUNAM, Facultad de Filosofía y Letras, _c1995. |
||
| 300 | _a256 p. | ||
| 534 |
_pTítulo original: _tDescartes |
||
| 600 | 1 | 4 |
_aDESCARTES, RENE, _d1596-1650 |
| 905 | _aLibro | ||
| 999 |
_c155247 _d155247 |
||